00524nam a2200169 i 4500001000300000100002500003245006700028260002100095650001500116655003000131700002300161040000800184041000800192080001700200008004100217856009600258bg1 aMILANOWSKI, Jerzy H. 0aPodstawy automatyki /cJerzy H. Milanowski, Andrzej B. Rasmus. aKoszalin,c1972. 9aAutomatyka aPodręczniki akademickie1 aRASMUS, Andrzej B. cBPK apol a681.5(075.8) s pl f |000 0 pol  uhttp://koha.tu.koszalin.pl/cgi-bin/koha/opac-detail.pl?biblionumber=666yKatalog online BPK